1265 1284 1892 1422 1528 1451 1714 1360 1013 1725 1124 1010 1911 1873 1754 1377 1856 1280 1377 1522 1297 1977 1272 1780 1779 1736 1501 1886 1406 1281 1475 1179 1320 1077 1162 1601 1574 1470 1914 1132 1754 1596 1615 1667 1240 1180 1607 1045 1820 1623 1723 1440 1801 1143 1159 1408 1143 1167 1485 1780 1782 1439 1319 1314 1608 1120 1161 1628 1471 1677 1045 1542 1087 1949 1543 1296 1687 1713 1220 1145 1965 1159 1827 1087 1557 1927 1849 1793 1179 1509 1469 1047 1542 1162 1788 1591 1574 1879 1537 BCNSPRNW ULIB Ver.6.0+V

เปลี่ยนเป็นภาษาไทย

Change to English
 แสดงรายละเอียดบรรณานุกรม
  กลับหน้าหลัก

Brief Record : Get Marc (ISO 2709) : E-mail record : QR code < ปิดหน้าต่าง
LEADER : 00000nam 2200000uu 4500
001    13399113263
003     ULIB
008    110627s||||||||th 000 0 tha d
020    9786167123400
090    นว.^bก423ช มปป.
100 0  กาญจนวณิช
245 00 เช็คบิลคาสโนวา/^cกาญจนวณิช
250    พิมพ์ครั้งที่ 1
260    กรุงเทพฯ :^bกรีนมายด์,^cมปป.
300    400 หน้า
710 1  กรีนมายด์
945    ^p269^l0^i028063
995    ทศพร
999 ^a ใช้งานได้ทุกระบบ
รายการนี้ยังไม่มีแท็ก
คุณยังไม่ได้ล็อกอิน คุณสามารถมีกิจกรรมร่วมกับเว็บไซต์ได้ แต่ต้องล็อกอินก่อน ::
  ล็อกอิน

รายการสื่อสารสนเทศ

ลำดับที่ ประเภท เลขเรียก/บาร์โค้ด สถานที่ สถานะ
- ไม่พบข้อมูล -

BibComment


ยังไม่เคยถูกคอมเมนท์

คอมเมนท์ทรัพยากรรายการนี้
  คอมเมนท์: เช็คบิลคาสโนวา กา..


 Copyright 2026. Bcnsprnw @Library